| 000 | 00469 a2200181 4500 | ||
|---|---|---|---|
| 003 | OSt | ||
| 005 | 20180116182724.0 | ||
| 008 | 160518b xxu||||| |||| 00| 0 eng d | ||
| 020 | _a0 | ||
| 040 | _c0 | ||
| 082 | _a001.432 GRA 2008 | ||
| 100 | _aJacques Barzun | ||
| 245 |
_aThe Modern Researcher _cJacques Barzun |
||
| 250 | _a6th Ed | ||
| 260 |
_aIslamabad _bNational Book Foundation Islamabad _c2008 |
||
| 300 |
_a387 p. _bHB |
||
| 942 |
_aNBS _cBK _k001.432 GRA _2ddc |
||
| 999 |
_c344785 _d344785 |
||